Manipulačná ruka na vývozný vozík za štvorkolku

Gespeichert in:
Bibliographische Detailangaben
1. Verfasser: Osvald, Martin (Verfasst von)
Weitere Verfasser: Vincze, Adam (Betreuung Doktorarbeit)
Format: Manuskript Buch
Sprache:Slowakisch
Veröffentlicht: 2020
Schlagworte:
Online-Zugang:http://is.stuba.sk/zp/portal_zp.pl?podrobnosti=143867
Tags: Tag hinzufügen
Keine Tags, Fügen Sie das erste Tag hinzu!

MARC

LEADER 00000ntm a22000003a 4500
001 stuzp80234
003 SK-STU
005 20200711210827.7
007 ta
008 150427s2015----xo-----f-mn---000-0-slo-d
040 |a STU  |b slo 
041 0 |a slo 
100 1 |a Osvald, Martin  |u 020030  |4 aut  |U SjF Strojnícka fakulta  |T SjF Ústav dopravnej techniky a konštruovania  |X 93104  |U J0030  |Y 806  |7 93104 
242 0 1 |a Hydraulic crane for forest trailer towed by ATV  |y eng 
245 1 0 |a Manipulačná ruka na vývozný vozík za štvorkolku 
260 |c 2020 
650 4 |a ATV  |2 eng 
650 4 |a hydraulic crane  |2 eng 
650 4 |a forest trailer  |2 eng 
650 4 |a manipulačná ruka  |2 slo 
650 4 |a štvorkolka  |2 slo 
650 4 |a vývozný vozík  |2 slo 
700 1 |a Vincze, Adam  |u 020030  |k Z3  |4 ths  |U SjF Strojnícka fakulta  |T SjF Ústav dopravnej techniky a konštruovania  |X 76961  |U J0030  |Y 806  |7 76961 
856 4 |u http://is.stuba.sk/zp/portal_zp.pl?podrobnosti=143867